Anatomie d'un fleuve # le Nil - Statistiques

Statistiques générales
  • Ce quiz a été pris 87 fois
  • Le résultat moyen est 17 sur 25
Statistiques - réponses
Question Réponse % Correct
Citez l'un des pays traversés par ces deux bras (en dehors des précédents cités) Ouganda | Soudan du Sud | Soudan | Egypte | Tanzanie | Kenya | RDC | Rwanda
97%
Ville la plus importante bordant le fleuve Le Caire
96%
Grand reptile vivant dans les eaux du Nil {Crocodile} du Nil
88%
Type d'embouchure du Nil Delta
85%
Mer dans laquel se jette le Nil Méditerranée
84%
Le Nil est formé de la confluence de deux bras. Citez en un Nil blanc | Nil bleu
84%
Désert qui borde la rive gauche du Nil Sahara
84%
Métropole égyptienne proche de l'embouchure du Nil Alexandrie
81%
Dans quel pays le second bras prend-il sa source ? Ethiopie
79%
Dans quel lac le premier d'entre eux prend-il sa source ? Lac {Victoria}
78%
Plante des bords du Nil ayant servi de support d'écriture Papyrus
78%
Barrage qui a profondément modifié le cours du fleuve Barrage d'{Assouan}
77%
Prophète ayant été recueilli dans un panier d'osier flottant sur le Nil Moïse
77%
Capitale dans laquelle confluent ces deux bras Khartoum
75%
Type de bâtiments spectaculaires qu'on peut admirer au bord du Nil Pyramides
75%
Nom du lac de retenue de ce barrage, du nom d'un dirigeant égyptien Lac {Nasser}
74%
Nom moderne de la ville de Thèbes, ancienne capitale égyptienne Louxor
59%
Oiseau blanc des bords du Nil dont les anciens Egyptiens avaient fait un dieu Ibis
51%
Nation qui a sérieusement projeté l'assèchement du Nil pour nuire à l'Egypte lors d'une crise géopolitique au milieu du XXème siècle Royaume-Uni
51%
Mais si on prend en compte les cours d'eau se jetant dans ce lac, la source du Nil la plus éloignée se situerait dans ce pays Burundi
45%
Nom de l'explorateur et missionnaire britannique qu'il aurait rencontré "fortuitement" au coeur de la jungle Dr {Livingstone}
45%
Capitale traversée par ce bras du Nil Djouba
30%
Nom de l'explorateur britannique qui a confirmé la source du Nil Henry Stanley
26%
Nom des bateaux traditionnels à voile qui sillonnaient le Nil jusqu'à une période récente Felouque
22%
"Accidents" de parcours qui rendent le fleuve difficilement navigable {Cataractes} du Nil
21%
Aucun quiz correspondant
Distribution des résultats
% des personnes avec chaque résultat
Percentile par nombre de réponses
Votre historique - résultats
Vous n’avez pas pris ce quiz